Amenidades artísticas (Record no. 38848)

MARC details
000 -LEADER
campo de control de longitud fija 00608nam a2200169 i 4500
001 - NÚMERO DE CONTROL
campo de control 38848
003 - IDENTIFICADOR DE NÚMERO DE CONTROL
campo de control ES-MaACL
005 - FECHA Y HORA DE LA ÚLTIMA TRANSACCIÓN
campo de control 20230906155833.0
007 - CAMPO FIJO DE DESCRIPCIÓN FÍSICA--INFORMACIÓN GENERAL
campo de control de longitud fija t|
008 - DATOS DE LONGITUD FIJA--INFORMACIÓN GENERAL
campo de control de longitud fija 030226s1935 sp ||||1| spa d
100 1# - ENTRADA PRINCIPAL--NOMBRE DE PERSONA
Nombre de persona Calvo, Agustín.
9 (RLIN) 33831
245 10 - MENCIÓN DEL TÍTULO
Título Amenidades artísticas
Resto del título : "recuerdos y anécdotas de los más grandes cantantes del mundo de otros días : graciosos, auténticos sucedidos y descriptivos teatrales" /
Mención de responsabilidad, etc. por Agustín Calvo ; prólogo de Luis Gabaldón.
260 ## - PUBLICACIÓN, DISTRIBUCIÓN, ETC.
Lugar de publicación, distribución, etc. Madrid :
Nombre del editor, distribuidor, etc. Murillo,
Fecha de publicación, distribución, etc. 1935.
300 ## - DESCRIPCIÓN FÍSICA
Extensión 79 p.
700 1# - ENTRADA AGREGADA--NOMBRE PERSONAL
Nombre de persona Gabaldón, Luis.
9 (RLIN) 53114
852 ## - LOCALIZACIÓN
Ubicación ES-MaACL
Número de control de estantería 1819-F-6
Holdings
Estatus retirado Estado de pérdida Estado de daño No para préstamo Colección Biblioteca de origen Biblioteca actual Ubicación en estantería Fecha de adquisición Fuente de adquisición Total de préstamos Signatura topográfica completa Código de barras Visto por última vez Precio de reemplazo Tipo de ítem Koha
        Colección de folletos Biblioteca del Ateneo de Madrid Biblioteca del Ateneo de Madrid Depósito folletos 17/01/2008     1819-F-6 1040907 23/02/2023 23/02/2023 Folleto